000 00601nam a2200217Ia 4500
003 OSt
005 20241023060737.0
008 240925s9999 xx 000 0 und d
020 _a71129308
040 _csd
082 _a004.68 GUR
100 _aGurewich, Nathan
245 0 _aCommunication Systems: practical guide to intel connectivity designs
250 _aNA
260 _aNew Delhi:
_bSatya Prakashan
_c,1992.
300 _axvi,944p.
_bNA
_fOriginal
500 _aIncludes Index
600 _aComputer Science
650 _aComputer science, information & general works
942 _cBK
_2ddc
999 _c3417
_d3417